000 00433ntaaa2200181 4500
003 01
005 20251027201838.0
008 0714s1973 ag 01
040 _aAR-BaBN
_bspa
_cAR-BaBN
_eaacr
_dRIC
082 _a244.1000 Eu2
100 _aEudaly, María S. de
_94138
245 _aMis amigos
250 _a1 ed.
260 _aEl Paso :
_bCasa Bautista de Publicaciones,
_cs.f.
300 _a23 p
650 _aniños
942 _cBK
999 _c13152
_d13152